000 00634nam a2200241Ia 4500
003 OSt
005 20221007100641.0
006 a|||||r|||| 00| 0
007 ta
008 221006b |||||||| |||| 00| 0 eng d
024 _a4,836
037 _cTextual
040 _aLCO
_cLCO
_beng
041 _2eng
_aeng
082 _aZ2,9298, M2
100 _aJAIN M P
245 0 _aChanging face of administrational law in India & abroad
260 _aBombay
_bN.M.Tripathi
_c1982
300 _a98
650 _aADMINISTRATIVE LAW
_9681514
942 _hZ2,9298, M2
_cTEXL
999 _c1174399
_d1174399